[Event "Muensterland Open"]
[Site "Senden"]
[Date "2006.10.10"]
[Round "5.5"]
[White "van der Weide, Karel"]
[Black "Davenport, Darcy"]
[Result "1-0"]
[WhiteElo "2463"]
[BlackElo "2115"]
[PlyCount "141"]
[EventDate "2006.??.??"]

1. e4 c6 2. d4 d5 3. e5 Bf5 4. Nc3 a6 5. Be3 Qc7 6. Bd3 Bxd3 7. cxd3 e6 8. Rc1
Ne7 9. Qg4 Nd7 10. Nf3 Qa5 11. O-O Nf5 12. Qh3 g6 13. g4 Ne7 14. Qg3 Bg7 15. a3
Qb6 16. Rc2 a5 17. Rfc1 Qa6 18. Rd2 a4 19. Ne2 Rc8 20. Nf4 Qb5 21. Rdc2 Qa6 22.
Bd2 c5 23. Bb4 b6 24. dxc5 bxc5 25. Bxc5 Nxc5 26. Rxc5 Rxc5 27. Rxc5 Qb6 28.
Rc2 O-O 29. d4 Nc6 30. Ne2 Ra8 31. Qf4 Na5 32. Nd2 Qb7 33. Qe3 Bf8 34. h3 Be7
35. Kh2 Kg7 36. f4 Qd7 37. Qd3 h6 38. Ng1 Rb8 39. Ngf3 Nb3 40. Nf1 Na5 41. f5
Rb3 42. f6+ Kh7 43. Qe2 Bd8 44. N1d2 Rb7 45. Qf2 Qb5 46. Qh4 Qe2+ 47. Kg3 Qe3
48. Rc3 g5 49. Qh5 Qf4+ 50. Kg2 Nc4 51. Rxc4 dxc4 52. h4 Bxf6 53. exf6 Qxf6 54.
hxg5 Qg6 55. Qxg6+ Kxg6 56. Nxc4 hxg5 57. Nfe5+ Kg7 58. Kf3 f6 59. Nd3 Rb3 60.
Ke2 Kf7 61. Nc5 Rg3 62. Ne3 Ke7 63. Nxa4 Rh3 64. b4 Kd6 65. Nc3 Rh2+ 66. Kd3
Rh3 67. Ne4+ Ke7 68. Nf2 Rh2 69. Ke2 Rh8 70. a4 Rf8 71. Ne4 1-0

[Event "Muensterland Open"]
[Site "Senden"]
[Date "2006.10.10"]
[Round "5.6"]
[White "Meyer, Ulrich"]
[Black "Struk, Jerzy"]
[Result "0-1"]
[WhiteElo "2167"]
[BlackElo "2270"]
[PlyCount "104"]
[EventDate "2006.??.??"]

1. e4 c5 2. Nc3 Nc6 3. g3 g6 4. Bg2 Bg7 5. d3 d6 6. Be3 Rb8 7. Qd2 b5 8. f4 b4
9. Nd1 e6 10. e5 Nge7 11. Nf3 O-O 12. O-O dxe5 13. fxe5 Nxe5 14. Nxe5 Bxe5 15.
Bxc5 Bd4+ 16. Bxd4 Qxd4+ 17. Qe3 Qd7 18. a3 b3 19. c3 Nf5 20. Qe2 h5 21. Nf2
Qe7 22. d4 Rb6 23. Rfe1 Ba6 24. Qd2 Nd6 25. Qh6 Nf5 26. Qf4 Qd6 27. Qd2 Rd8 28.
Ne4 Qe7 29. Qf4 Bb7 30. h3 Bxe4 31. Bxe4 Ng7 32. Re3 e5 33. dxe5 Rd2 34. Rb1
Qc5 35. Kh1 Ne6 36. Qh6 Nf8 37. Rf3 Re2 38. Rbf1 Qxe5 39. Qf4 Qxf4 40. Rxf4 Ne6
41. Rxf7 Rxe4 42. Rxa7 Re2 43. Rf6 Rd6 44. Rxg6+ Kf8 45. Rf6+ Ke8 46. Rf1 Rdd2
47. Rb1 Ng5 48. Ra8+ Kd7 49. Ra7+ Kc6 50. Ra6+ Kb7 51. Rf6 Rh2+ 52. Kg1 Nxh3+
0-1

[Event "Muensterland Open"]
[Site "Senden"]
[Date "2006.10.10"]
[Round "5.7"]
[White "Beutelhoff, Josef"]
[Black "Ottens, Stephan"]
[Result "1-0"]
[WhiteElo "2141"]
[BlackElo "2242"]
[PlyCount "66"]
[EventDate "2006.??.??"]

1. d4 Nf6 2. c4 g6 3. Nc3 Bg7 4. e4 d6 5. f4 O-O 6. Nf3 c5 7. d5 b5 8. cxb5 a6
9. a4 e6 10. dxe6 Bxe6 11. Be2 axb5 12. Bxb5 Na6 13. O-O Nb4 14. h3 h6 15. Be3
Qe7 16. Bf2 d5 17. e5 Ne4 18. Nxe4 dxe4 19. Nd2 Rfd8 20. Qe2 Nd3 21. Qxe4 Nxb2
22. Qc2 Rxd2 23. Qxd2 Nc4 24. Qc3 Na5 25. Bxc5 Qb7 26. Rab1 Rc8 27. Qe3 Bd5 28.
Be2 Qc6 29. Bb4 Qxa4 30. Qa3 Qc2 31. Qxa5 Bxg2 32. Rfc1 Qxe2 33. Rxc8+ Kh7 1-0

[Event "Muensterland Open"]
[Site "Senden"]
[Date "2006.10.10"]
[Round "5.8"]
[White "Zelbel, Patrick"]
[Black "Glaser, Wolfgang"]
[Result "1-0"]
[WhiteElo "2079"]
[BlackElo "2239"]
[PlyCount "67"]
[EventDate "2006.??.??"]

1. e4 e6 2. d4 d5 3. Nd2 Nf6 4. e5 Nfd7 5. Bd3 c5 6. c3 Nc6 7. Ne2 b6 8. O-O
cxd4 9. cxd4 Nb4 10. Bb1 Ba6 11. Nf3 Rc8 12. a3 Nc6 13. Bd3 Bxd3 14. Qxd3 Be7
15. Bd2 Ndb8 16. Rfc1 O-O 17. b4 Qd7 18. Bg5 f6 19. exf6 gxf6 20. Bh6 Rf7 21.
b5 Na5 22. Rxc8+ Qxc8 23. Rc1 Qe8 24. Nd2 Nd7 25. Nf4 Bf8 26. Bxf8 Nxf8 27. Qe2
Qd7 28. Rc3 Qd6 29. Nh5 e5 30. Nf3 Ng6 31. dxe5 fxe5 32. Ng5 Rf8 33. Qd2 d4 34.
Qa2+ 1-0

[Event "Muensterland Open"]
[Site "Senden"]
[Date "2006.10.10"]
[Round "5.9"]
[White "Sazanov, Nikolay"]
[Black "Bösel, Alexander"]
[Result "1-0"]
[WhiteElo "2217"]
[BlackElo "1589"]
[PlyCount "37"]
[EventDate "2006.??.??"]

1. d4 d5 2. e3 Nf6 3. Bd3 e6 4. f4 c5 5. c3 Nc6 6. Nf3 Be7 7. Nbd2 Bd7 8. Ne5
Qc7 9. Qf3 cxd4 10. exd4 Bd6 11. g4 Ke7 12. g5 Ng8 13. Qh5 Rf8 14. Ndf3 f6 15.
Ng6+ hxg6 16. Qxh8 Kf7 17. Qh7 Nce7 18. O-O Bxf4 19. Bxf4 1-0

[Event "Muensterland Open"]
[Site "Senden"]
[Date "2006.10.10"]
[Round "5.10"]
[White "Hokamp, Sascha"]
[Black "Krallmann, Matthias"]
[Result "0-1"]
[WhiteElo "2102"]
[BlackElo "2282"]
[PlyCount "82"]
[EventDate "2006.??.??"]

1. d4 Nf6 2. Nf3 e6 3. e3 c5 4. Bd3 b6 5. O-O Bb7 6. c4 Be7 7. Nc3 d6 8. e4
cxd4 9. Nxd4 Nbd7 10. Re1 O-O 11. f4 a6 12. Kh1 Qc7 13. f5 Nc5 14. Bc2 d5 15.
cxd5 exd5 16. e5 Nfe4 17. Bxe4 Nxe4 18. Nxe4 dxe4 19. f6 Bb4 20. Qg4 g6 21. Bh6
Qxe5 22. Bxf8 Rxf8 23. Red1 Qxf6 24. Nc2 Qxb2 25. Nxb4 Qxb4 26. Qd7 Ba8 27. a3
Qb2 28. Rab1 Qxa3 29. Rbc1 e3 30. Rc8 Be4 31. Re8 Bf5 32. Qc6 e2 33. Re1 Bd3
34. Rxf8+ Kxf8 35. Qxb6 Qc3 36. Qb8+ Kg7 37. Qg3 Qd4 38. Qf3 a5 39. h3 a4 40.
Kh2 a3 41. Rxe2 Qd6+ 0-1

[Event "Muensterland Open"]
[Site "Senden"]
[Date "2006.10.11"]
[Round "6.3"]
[White "Sazanov, Nikolay"]
[Black "van der Weide, Karel"]
[Result "0-1"]
[WhiteElo "2217"]
[BlackElo "2463"]
[PlyCount "100"]
[EventDate "2006.??.??"]

1. d4 Nf6 2. e3 g6 3. f4 Bg7 4. Nf3 O-O 5. c3 b6 6. Nbd2 Bb7 7. Bd3 c5 8. O-O
Nc6 9. Qe1 e6 10. Ng5 d5 11. Qg3 Ne7 12. Qh3 h6 13. Ngf3 Qc8 14. g4 Ba6 15.
Bxa6 Qxa6 16. g5 hxg5 17. Nxg5 Qd3 18. Ndf3 Qf5 19. Qg3 Qg4 20. Ne5 Qxg3+ 21.
hxg3 Nf5 22. Kg2 Nd6 23. Rh1 Nfe4 24. Nef3 Rfc8 25. a4 a6 26. Nxe4 Nxe4 27. Bd2
b5 28. Rhc1 b4 29. cxb4 cxd4 30. exd4 Nxd2 31. Nxd2 Rcb8 32. b5 Bxd4 33. Ra2
axb5 34. a5 b4 35. Nb3 Be3 36. Re1 Ba7 37. Ra4 Rc8 38. Re2 Rab8 39. Kf3 Kg7 40.
Rd2 Kf6 41. g4 Rc4 42. a6 g5 43. Na5 Rxf4+ 44. Kg3 Rb6 45. Nb7 Rc6 46. Kh3 b3
47. Ra3 Rc2 48. Rd3 Rff2 49. Raxb3 Rh2+ 50. Kg3 Bb8+ 0-1

[Event "Muensterland Open"]
[Site "Senden"]
[Date "2006.10.11"]
[Round "6.4"]
[White "Tereick, Benjamin"]
[Black "Beutelhoff, Josef"]
[Result "1-0"]
[WhiteElo "2302"]
[BlackElo "2141"]
[PlyCount "65"]
[EventDate "2006.??.??"]

1. c4 e6 2. g3 d5 3. Bg2 Nf6 4. Nf3 c6 5. b3 Nbd7 6. Bb2 Bd6 7. d4 O-O 8. O-O
b6 9. Qc2 Bb7 10. Nc3 Qe7 11. e4 Nxe4 12. Nxe4 dxe4 13. Qxe4 Nf6 14. Qh4 Ba3
15. Bc3 Bb4 16. Bxb4 Qxb4 17. Ne5 Qd6 18. Rac1 Rad8 19. Rfd1 Qc7 20. c5 b5 21.
b4 a5 22. a3 Ra8 23. g4 Rfe8 24. Rc3 Nd7 25. Rh3 Nf8 26. Be4 g6 27. g5 h5 28.
Ng4 Nh7 29. Nf6+ Nxf6 30. gxf6 e5 31. Qg5 Re6 32. Bxg6 fxg6 33. Qxg6+ 1-0

[Event "Muensterland Open"]
[Site "Senden"]
[Date "2006.10.11"]
[Round "6.5"]
[White "Struk, Jerzy"]
[Black "Zelbel, Patrick"]
[Result "0-1"]
[WhiteElo "2270"]
[BlackElo "2079"]
[PlyCount "94"]
[EventDate "2006.??.??"]

1. d4 Nf6 2. Nf3 g6 3. Nc3 d6 4. e4 c6 5. Be2 Bg7 6. O-O Nbd7 7. Bg5 h6 8. Bh4
O-O 9. a4 g5 10. Bg3 Nh5 11. Qd2 Nxg3 12. hxg3 Nf6 13. Bd3 Bg4 14. Rae1 Bxf3
15. gxf3 Nd7 16. Ne2 e5 17. c3 a6 18. Kg2 b5 19. axb5 axb5 20. d5 Qb6 21. dxc6
Qxc6 22. Bc2 Nc5 23. b4 Nd7 24. Bb3 Nf6 25. g4 Ra3 26. Qb2 Ra7 27. Rd1 Rc8 28.
Rd3 Bf8 29. Ng3 Kh7 30. Rh1 Kg6 31. Nf5 h5 32. Bd5 Qc7 33. gxh5+ Nxh5 34. Rxh5
Kxh5 35. f4 Kg6 36. Qe2 Bg7 37. Rg3 exf4 38. Nh4+ Kf6 39. Qf3 Qxc3 40. Qg4 fxg3
41. Qf5+ Ke7 42. Qxf7+ Kd8 43. Qxa7 gxh4 44. Qb6+ Ke7 45. Qa7+ Rc7 46. Qa8 h3+
47. Kxh3 gxf2+ 0-1

[Event "Muensterland Open"]
[Site "Senden"]
[Date "2006.10.11"]
[Round "6.6"]
[White "Karpatchev, Aleksandr"]
[Black "Sazanov, Nikolai"]
[Result "1-0"]
[WhiteElo "2515"]
[BlackElo "2166"]
[PlyCount "73"]
[EventDate "2006.??.??"]

1. e4 e6 2. d4 d5 3. Nd2 dxe4 4. Nxe4 b6 5. Nf3 Bb7 6. Bb5+ c6 7. Bd3 Be7 8.
O-O Nf6 9. Qe2 Nxe4 10. Qxe4 Nd7 11. Re1 Nf6 12. Qh4 Qc7 13. Ne5 h6 14. Qg3 g5
15. Qh3 g4 16. Qh4 h5 17. Bg5 Nd5 18. Ng6 Bxg5 19. Qxg5 Rg8 20. c4 Ne7 21. d5
cxd5 22. cxd5 Bxd5 23. Rac1 Qd6 24. Bb5+ Kd8 25. Ne5 Rf8 26. Qg7 Nf5 27. Qh7
Qe7 28. Red1 Qf6 29. Nc6+ Kc7 30. Nb4+ Kb7 31. Ba6+ Kb8 32. Nxd5 exd5 33. Rxd5
Qxb2 34. Rcd1 Ne7 35. Qe4 Nc6 36. Qf4+ Ne5 37. Rxe5 1-0

[Event "Muensterland Open"]
[Site "Senden"]
[Date "2006.10.11"]
[Round "6.9"]
[White "Bastians, Felix"]
[Black "Kleinegger, Frank"]
[Result "1-0"]
[WhiteElo "2142"]
[BlackElo "2256"]
[PlyCount "115"]
[EventDate "2006.??.??"]

1. e4 e5 2. Nf3 d6 3. Bc4 Nf6 4. Ng5 d5 5. exd5 h6 6. Nf3 e4 7. Ne5 Bd6 8. d4
exd3 9. Nxd3 O-O 10. O-O Ng4 11. f4 Qh4 12. h3 Nf6 13. Qf3 Bf5 14. Nc3 c6 15.
Be3 Bg4 16. Qf2 Qxf2+ 17. Bxf2 Bf5 18. Bd4 cxd5 19. Nxd5 Ne4 20. Be5 Nc6 21.
Bb5 Rad8 22. Bxc6 bxc6 23. Bxd6 Nxd6 24. Ne7+ Kh7 25. Nxc6 Rc8 26. Nd4 Be4 27.
Rad1 Nc4 28. Rfe1 Bxd3 29. Rxd3 Nxb2 30. Rb3 Rc4 31. Rxb2 Rxd4 32. Re7 Rd2 33.
Kf1 a5 34. Re2 Rd4 35. g3 Rc8 36. Ke1 Rc3 37. Rb3 Rc7 38. Rd2 Re4+ 39. Kd1 a4
40. Rbd3 Rb7 41. c3 a3 42. Rf3 Rb1+ 43. Kc2 Rb2+ 44. Kd3 Re1 45. Rff2 Rb7 46.
c4 Rd7+ 47. Kc2 Rb7 48. Kc3 Re3+ 49. Rd3 Re4 50. Rc2 h5 51. h4 Kg6 52. c5 Kf5
53. c6 Rc7 54. Kb3 Re6 55. Rc5+ Ke4 56. Rdc3 g6 57. R5c4+ Kd5 58. Rd3# 1-0

[Event "Muensterland Open"]
[Site "Senden"]
[Date "2006.10.11"]
[Round "6.10"]
[White "Ebert, Manuel"]
[Black "Seegers, Hendrik"]
[Result "1/2-1/2"]
[WhiteElo "2044"]
[BlackElo "2212"]
[PlyCount "81"]
[EventDate "2006.??.??"]

1. e4 d5 2. exd5 Nf6 3. Bb5+ Bd7 4. Bc4 b5 5. Bb3 Bg4 6. f3 Bc8 7. Qe2 a6 8. a4
b4 9. Qc4 Qd6 10. d3 e6 11. Bf4 e5 12. Bg5 Nbd7 13. Nd2 Nb6 14. Qc6+ Qxc6 15.
dxc6 Bf5 16. a5 Nc8 17. g4 Bg6 18. Nc4 Bd6 19. Bd2 Rb8 20. Nxd6+ Nxd6 21. Ra4
Nb5 22. Rxb4 Ke7 23. Ne2 Kd6 24. Rc4 Nd5 25. f4 f6 26. fxe5+ fxe5 27. Ng3 Nd4
28. Ne4+ Bxe4 29. dxe4 Nxb3 30. cxb3 Nf4 31. Bxf4 exf4 32. b4 Ke5 33. O-O Rhd8
34. Rc5+ Ke6 35. Rxf4 Rd1+ 36. Kf2 Rd2+ 37. Kg3 Rxb4 38. Rf8 Rb3+ 39. Rc3 Rdxb2
40. Rxb3 Rxb3+ 41. Kf4 1/2-1/2

[Event "Muensterland Open"]
[Site "Senden"]
[Date "2006.10.12"]
[Round "7.3"]
[White "van der Weide, Karel"]
[Black "Tereick, Benjamin"]
[Result "1/2-1/2"]
[WhiteElo "2463"]
[BlackElo "2302"]
[PlyCount "41"]
[EventDate "2006.??.??"]

1. e4 e6 2. d4 d5 3. Nc3 Nf6 4. Bg5 Bb4 5. e5 h6 6. Bd2 Bxc3 7. bxc3 Ne4 8. Qg4
g6 9. Bd3 Nxd2 10. Kxd2 c5 11. h4 c4 12. Be2 Nd7 13. Rh3 Qe7 14. f4 Rg8 15. Rg3
f5 16. Qh3 b5 17. h5 g5 18. fxg5 hxg5 19. h6 g4 20. Qh5+ Qf7 21. Qh4 1/2-1/2

[Event "Muensterland Open"]
[Site "Senden"]
[Date "2006.10.12"]
[Round "7.4"]
[White "Bastians, Felix"]
[Black "Karpatchev, Aleksandr"]
[Result "0-1"]
[WhiteElo "2142"]
[BlackElo "2515"]
[PlyCount "58"]
[EventDate "2006.??.??"]

1. e4 e5 2. Nf3 Nc6 3. Bb5 f5 4. d4 fxe4 5. Nxe5 Nxe5 6. dxe5 c6 7. Bc4 Qa5+ 8.
Nc3 Qxe5 9. Be3 d5 10. Be2 Nf6 11. Qd2 Be7 12. O-O-O O-O 13. f3 exf3 14. gxf3
Bf5 15. h4 Rae8 16. Rdg1 Rf7 17. Bd4 Qe6 18. Re1 b6 19. Rhg1 Qd7 20. Rg5 Bg6
21. Re5 Bd6 22. Rxe8+ Nxe8 23. Bd3 Bg3 24. Bxg6 hxg6 25. Bf2 Bxf2 26. Qxf2 Nd6
27. Qg3 Rf6 28. Ne2 Nf5 29. Qg2 Qd6 0-1

[Event "Muensterland Open"]
[Site "Senden"]
[Date "2006.10.12"]
[Round "7.5"]
[White "Haub, Thorsten Michael"]
[Black "Krallmann, Matthias"]
[Result "1-0"]
[WhiteElo "2474"]
[BlackElo "2282"]
[PlyCount "51"]
[EventDate "2006.??.??"]

1. Nf3 Nf6 2. g3 b5 3. Bg2 Bb7 4. d3 e6 5. e4 d6 6. O-O Be7 7. Nd4 b4 8. c3 c5
9. Nc2 bxc3 10. bxc3 Qc7 11. c4 O-O 12. Nc3 Nc6 13. f4 Rfe8 14. f5 Ne5 15. Bh3
Bf8 16. Bg5 Nfd7 17. Ne3 h6 18. Bf4 g5 19. fxg6 Nxg6 20. Rb1 Nxf4 21. Rxf4 a6
22. Qh5 Ne5 23. Ng4 Nxg4 24. Rxg4+ Kh7 25. Rf1 Re7 26. Rxf7+ 1-0

[Event "Muensterland Open"]
[Site "Senden"]
[Date "2006.10.12"]
[Round "7.6"]
[White "Schulze, Ulrich"]
[Black "Freitag, Julia"]
[Result "1/2-1/2"]
[WhiteElo "2304"]
[BlackElo "2183"]
[PlyCount "56"]
[EventDate "2006.??.??"]

1. d4 d5 2. c4 e6 3. Nc3 f5 4. Nf3 Nf6 5. Bf4 c6 6. e3 Bd6 7. Qc2 a5 8. Bd3 Ne4
9. Bxd6 Qxd6 10. c5 Qe7 11. Ne5 Nd7 12. Nxd7 Bxd7 13. f3 Nxc3 14. bxc3 O-O 15.
O-O e5 16. Rab1 e4 17. Be2 exf3 18. Rxf3 Be8 19. Bd3 Bh5 20. Rxf5 Qxe3+ 21. Kh1
Rxf5 22. Bxf5 g6 23. Bd3 Rf8 24. Rf1 Rxf1+ 25. Bxf1 Qe1 26. Kg1 Bg4 27. h3 Bf5
28. Qe2 Qxc3 1/2-1/2

[Event "Muensterland Open"]
[Site "Senden"]
[Date "2006.10.12"]
[Round "7.8"]
[White "Meyer, Ulrich"]
[Black "Ottens, Stephan"]
[Result "0-1"]
[WhiteElo "2167"]
[BlackElo "2242"]
[PlyCount "114"]
[EventDate "2006.??.??"]

1. e4 c5 2. d3 Nc6 3. g3 g6 4. Bg2 Bg7 5. Nc3 d6 6. Be3 Qa5 7. Qd2 Nd4 8. f4 e6
9. Nf3 Ne7 10. O-O Nec6 11. a3 Nxf3+ 12. Bxf3 Nd4 13. Bg2 O-O 14. Rfe1 Bd7 15.
Rad1 Rab8 16. Qf2 f5 17. exf5 Nxf5 18. Kh1 Nxe3 19. Qxe3 Bxc3 20. bxc3 Qxc3 21.
d4 Qxe3 22. Rxe3 cxd4 23. Rxd4 d5 24. c4 Rfc8 25. Bf1 Bc6 26. Kg1 Kf7 27. Bh3
Re8 28. Bg2 Rbd8 29. c5 Re7 30. Kf2 Rc8 31. Bf1 Be8 32. Rc3 b6 33. c6 Rxc6 34.
Rxc6 Bxc6 35. Bg2 Rc7 36. Ke3 Ke7 37. g4 Bb7 38. Kd2 Kd6 39. g5 Ba6 40. Bf3 Rc4
41. Rxc4 Bxc4 42. Bg4 Bf1 43. h4 Bg2 44. Ke3 Be4 45. Kd4 b5 46. Be2 a6 47. Bd1
a5 48. Bb3 b4 49. axb4 axb4 50. Bd1 Bf5 51. Ba4 Bg4 52. Bc2 Be2 53. Ba4 Bc4 54.
Bc2 b3 55. Bb1 Be2 56. Kc3 Bd1 57. Bd3 Bc2 0-1

[Event "Muensterland Open"]
[Site "Senden"]
[Date "2006.10.12"]
[Round "7.10"]
[White "Beutelhoff, Josef"]
[Black "Glaser, Wolfgang"]
[Result "0-1"]
[WhiteElo "2141"]
[BlackElo "2239"]
[PlyCount "50"]
[EventDate "2006.??.??"]

1. d4 Nf6 2. c4 g6 3. Nc3 Bg7 4. e4 d6 5. f3 O-O 6. Be3 e5 7. Nge2 c6 8. Qd2
Nbd7 9. Nc1 Ne8 10. d5 f5 11. dxc6 bxc6 12. c5 fxe4 13. fxe4 Ndf6 14. cxd6 Qxd6
15. Bc4+ Kh8 16. Nd3 Nd7 17. O-O-O Nc7 18. Qe2 Ne6 19. h4 Nd4 20. Qd2 Nb6 21.
b3 Bg4 22. Rdf1 Nxc4 23. bxc4 Qa3+ 24. Kb1 Rab8+ 25. Ka1 Nb3+ 0-1

[Event "Muensterland Open"]
[Site "Senden"]
[Date "2006.10.13"]
[Round "8.3"]
[White "Tereick, Benjamin"]
[Black "Haub, Thorsten Michael"]
[Result "1/2-1/2"]
[WhiteElo "2302"]
[BlackElo "2474"]
[PlyCount "79"]
[EventDate "2006.??.??"]

1. Nf3 g6 2. e4 Bg7 3. d4 d6 4. c4 e6 5. Be3 Ne7 6. Qd2 h6 7. Nc3 Nd7 8. Bd3 a6
9. h4 d5 10. cxd5 exd5 11. e5 Nb6 12. h5 g5 13. Qc2 Be6 14. Ne2 Nc4 15. Bc1 c5
16. b3 cxd4 17. bxc4 dxc4 18. Bxc4 Rc8 19. Qa4+ b5 20. Bxb5+ axb5 21. Qxb5+ Bd7
22. Qd3 O-O 23. O-O Bg4 24. Ba3 Bxh5 25. Bd6 Bg6 26. Qa3 Re8 27. Nfxd4 Nd5 28.
Rac1 Bxe5 29. Bxe5 Rxe5 30. Nc6 Rxc6 31. Rxc6 Rxe2 32. Rd1 Qe8 33. Rxg6+ fxg6
34. Rxd5 Qf8 35. Qxf8+ Kxf8 36. a4 Ke7 37. a5 Ra2 38. Rb5 g4 39. g3 Kf6 40. Kg2
1/2-1/2

[Event "Muensterland Open"]
[Site "Senden"]
[Date "2006.10.13"]
[Round "8.5"]
[White "Struk, Jerzy"]
[Black "Seegers, Hendrik"]
[Result "0-1"]
[WhiteElo "2270"]
[BlackElo "2212"]
[PlyCount "110"]
[EventDate "2006.??.??"]

1. e4 d5 2. exd5 Nf6 3. Bb5+ Bd7 4. Be2 Nxd5 5. d4 e6 6. Nf3 c5 7. c3 cxd4 8.
cxd4 Bb4+ 9. Bd2 Qa5 10. O-O O-O 11. Bg5 h6 12. Be3 Bb5 13. Ne5 Bxe2 14. Qxe2
Bd6 15. Bd2 Qd8 16. Nc3 Bxe5 17. dxe5 Nxc3 18. Bxc3 Nc6 19. Rad1 Qc7 20. f4
Rad8 21. Qb5 a6 22. Qc5 Rxd1 23. Rxd1 Rc8 24. a3 g6 25. h3 Ne7 26. Qf2 Nd5 27.
Rd3 Qc4 28. Rf3 Qe4 29. Qd2 Rc4 30. f5 exf5 31. Qxh6 Nxc3 32. bxc3 Qe1+ 33. Rf1
Qxe5 34. Rd1 Qc7 35. Qg5 Kg7 36. Rf1 Qc5+ 37. Kh1 Rxc3 38. a4 b5 39. axb5 axb5
40. Rd1 b4 41. h4 Qe3 42. Qd8 Rc1 43. h5 b3 44. Rxc1 Qxc1+ 45. Kh2 Qf4+ 46. g3
Qf2+ 47. Kh3 Qf1+ 48. Kh2 Qe2+ 49. Kh3 Qxh5+ 50. Kg2 Qe2+ 51. Kh3 Qe4 52. g4 b2
53. g5 b1=Q 54. Qf6+ Kg8 55. Qd8+ Kh7 0-1

[Event "Muensterland Open"]
[Site "Senden"]
[Date "2006.10.13"]
[Round "8.7"]
[White "Glaser, Wolfgang"]
[Black "Felczer, Kevin"]
[Result "1/2-1/2"]
[WhiteElo "2239"]
[BlackElo "2239"]
[PlyCount "56"]
[EventDate "2006.??.??"]

1. e4 d5 2. exd5 Qxd5 3. Nc3 Qa5 4. Bc4 c6 5. d3 Bf5 6. Nge2 e6 7. Bd2 Nd7 8.
Ng3 Bg6 9. Qe2 Qe5 10. O-O-O Qxe2 11. Ncxe2 Ne5 12. Nf4 Nxc4 13. Nxg6 hxg6 14.
dxc4 Nf6 15. h3 Bd6 16. Ne2 Ke7 17. Be3 c5 18. Rd3 b6 19. Rhd1 Rad8 20. Nc3 Rd7
21. Bg5 Rhd8 22. Re1 Kf8 23. Nb5 a6 24. Nxd6 Rxd6 25. Rxd6 Rxd6 26. Re3 Nd7 27.
Rd3 Rxd3 28. cxd3 e5 1/2-1/2

[Event "Muensterland Open"]
[Site "Senden"]
[Date "2006.10.13"]
[Round "8.8"]
[White "Haselhorst, Helmut"]
[Black "Schulze, Ulrich"]
[Result "1/2-1/2"]
[WhiteElo "2153"]
[BlackElo "2304"]
[PlyCount "46"]
[EventDate "2006.??.??"]

1. d4 Nf6 2. Nf3 e6 3. g3 d5 4. Bg2 Be7 5. O-O O-O 6. c4 dxc4 7. Qc2 a6 8. Qxc4
b5 9. Qc2 Bb7 10. Bd2 Be4 11. Qc1 Nc6 12. Be3 Na5 13. Nbd2 Bd5 14. Rd1 Rc8 15.
Qc3 c6 16. a3 Nc4 17. Nxc4 bxc4 18. Ne5 c5 19. dxc5 Qc7 20. Nxc4 Bxc5 21. Ne5
Bxe3 22. Qxe3 Bxg2 23. Kxg2 Qb7+ 1/2-1/2

[Event "Muensterland Open"]
[Site "Senden"]
[Date "2006.10.13"]
[Round "8.9"]
[White "Krallmann, Matthias"]
[Black "Bastians, Felix"]
[Result "1-0"]
[WhiteElo "2282"]
[BlackElo "2142"]
[PlyCount "27"]
[EventDate "2006.??.??"]

1. d4 Nf6 2. c4 c5 3. Nf3 e6 4. Nc3 cxd4 5. Nxd4 a6 6. e4 Qc7 7. Bd3 Bb4 8. O-O
Bxc3 9. bxc3 b5 10. cxb5 Qxc3 11. Be3 O-O 12. Rc1 Qb4 13. Rc4 Qe7 14. Qc2 1-0

[Event "Muensterland Open"]
[Site "Senden"]
[Date "2006.10.14"]
[Round "9.2"]
[White "Seegers, Hendrik"]
[Black "Farago, Ivan"]
[Result "0-1"]
[WhiteElo "2212"]
[BlackElo "2522"]
[PlyCount "106"]
[EventDate "2006.??.??"]

1. d4 Nf6 2. Nf3 d5 3. Bf4 c5 4. c3 Nc6 5. e3 Qb6 6. Qb3 c4 7. Qxb6 axb6 8. Be2
e6 9. O-O b5 10. h3 b4 11. Rc1 b5 12. Nfd2 b3 13. a3 b4 14. cxb4 Nxb4 15. Nc3
Nc2 16. Rab1 Ba6 17. Na4 Be7 18. Nc5 Bxc5 19. dxc5 O-O 20. Bd1 Rfc8 21. Bxc2
bxc2 22. Rxc2 Rxc5 23. Be5 Nd7 24. Bc3 Rcc8 25. e4 Nc5 26. exd5 exd5 27. Nf3
Bb5 28. Rd2 Bc6 29. Rd4 Ne4 30. Bb4 f6 31. Nd2 Ng5 32. b3 Ne6 33. Rg4 h5 34.
Rg3 Nf4 35. Kh2 Be8 36. Rf3 Nd3 37. bxc4 dxc4 38. Nxc4 Rxc4 39. Rxd3 Bg6 40.
Rbd1 Bxd3 41. Rxd3 Rc2 42. Rf3 Re8 43. g3 Ree2 44. Kg2 Kf7 45. Kf1 Ke6 46. Bf8
g5 47. Bg7 f5 48. Bd4 Red2 49. Bb6 Rd1+ 50. Kg2 g4 51. hxg4 hxg4 52. Re3+ (52.
Rf4 Rcc1 53. f3 Rd2+ 54. Bf2 Rcc2 55. fxg4 fxg4) 52... Kd7 53. Re5 Rcc1 0-1

[Event "Muensterland Open"]
[Site "Senden"]
[Date "2006.10.14"]
[Round "9.4"]
[White "Langhanke, Günther"]
[Black "van der Weide, Karel"]
[Result "1/2-1/2"]
[WhiteElo "2124"]
[BlackElo "2463"]
[PlyCount "79"]
[EventDate "2006.??.??"]

1. e4 c5 2. Nc3 Nc6 3. f4 g6 4. Nf3 Bg7 5. Bb5 Nd4 6. O-O Nxb5 7. Nxb5 d5 8. e5
Qb6 9. Nc3 d4 10. Ne4 Nh6 11. h3 O-O 12. a4 f6 13. d3 a5 14. b3 Qc6 15. exf6
exf6 16. Nfd2 b6 17. Nc4 Bb7 18. Qf3 Rab8 19. Bd2 Qe6 20. Qf2 Bxe4 21. dxe4
Qxe4 22. Rac1 d3 23. Rfe1 Qd5 24. cxd3 Nf5 25. Bc3 Qxd3 26. Red1 Qg3 27. Rd7
Bh6 28. Qxg3 Nxg3 29. Re1 Rfe8 30. Rxe8+ Rxe8 31. Bxf6 Bxf4 32. Rd8 Kf7 33.
Rxe8 Kxe8 34. Nxb6 Be3+ 35. Kh2 Nf1+ 36. Kh1 Bd4 37. Bg5 Ng3+ 38. Kh2 Ne4 39.
Bc1 Be5+ 40. Kg1 1/2-1/2

[Event "Muensterland Open"]
[Site "Senden"]
[Date "2006.10.14"]
[Round "9.7"]
[White "Kleinegger, Frank"]
[Black "Glaser, Wolfgang"]
[Result "1/2-1/2"]
[WhiteElo "2256"]
[BlackElo "2239"]
[PlyCount "65"]
[EventDate "2006.??.??"]

1. Nf3 Nf6 2. d4 g6 3. g3 Bg7 4. Bg2 O-O 5. O-O d6 6. Nc3 Nbd7 7. e4 e5 8. a4
a5 9. h3 Re8 10. d5 Nc5 11. Nd2 Bh6 12. Nc4 Bxc1 13. Qxc1 b6 14. Qh6 Ba6 15. b3
Kh8 16. Rfe1 Bxc4 17. bxc4 Qe7 18. f3 Rg8 19. h4 Nh5 20. Kh2 Rg7 21. Bh3 Rag8
22. Qg5 f6 23. Qh6 Rf7 24. Re2 Qf8 25. Qxf8 Rgxf8 26. Rf1 g5 27. hxg5 fxg5 28.
Bf5 Ng7 29. g4 h5 30. Kg3 h4+ 31. Kh3 Re7 32. Ra1 Kg8 33. Ree1 1/2-1/2

[Event "Muensterland Open"]
[Site "Senden"]
[Date "2006.10.14"]
[Round "9.8"]
[White "Schulze, Ulrich"]
[Black "Grälken, Matthias"]
[Result "1/2-1/2"]
[WhiteElo "2304"]
[BlackElo "2131"]
[PlyCount "40"]
[EventDate "2006.??.??"]

1. d4 g6 2. Nf3 Bg7 3. g3 c5 4. c3 Qa5 5. Nbd2 cxd4 6. Nxd4 Nf6 7. Bg2 Nc6 8.
O-O d5 9. N4b3 Qc7 10. c4 d4 11. c5 O-O 12. Nc4 Rd8 13. Bf4 e5 14. Bxc6 exf4
15. Bg2 Be6 16. Nd6 fxg3 17. hxg3 Bd5 18. Rc1 Bxg2 19. Kxg2 b6 20. Qd3 bxc5
1/2-1/2

[Event "Muensterland Open"]
[Site "Senden"]
[Date "2006.10.14"]
[Round "9.10"]
[White "Witte, Matthias"]
[Black "Ottens, Stephan"]
[Result "0-1"]
[WhiteElo "2092"]
[BlackElo "2242"]
[PlyCount "58"]
[EventDate "2006.??.??"]

1. d4 Nf6 2. c4 g6 3. Nc3 Bg7 4. e4 d6 5. f3 O-O 6. Bg5 c5 7. d5 e6 8. Nge2 Qa5
9. Ng3 exd5 10. cxd5 a6 11. a4 Nbd7 12. Be2 Re8 13. O-O h6 14. Be3 h5 15. Re1
Rb8 16. Qd2 Kh7 17. Kh1 Ne5 18. Bf4 Qc7 19. Rab1 Bd7 20. b4 h4 21. Nf1 Nh5 22.
bxc5 Nxf4 23. cxd6 Qd8 24. Bxa6 Bh6 25. Bxb7 Nfd3 26. Ne3 Nxe1 27. Qxe1 Qa5 28.
f4 Bxf4 29. Qxh4+ Bh6 0-1